UM Logo

The wiley-blackwell companion to cultural geography / (Record no. 13833)

MARC details
000 -LEADER
fixed length control field 00822nam a22002177a 4500
008 - FIXED-LENGTH DATA ELEMENTS--GENERAL INFORMATION
fixed length control field 190423b ||||| |||| 00| 0 eng d
020 ## - INTERNATIONAL STANDARD BOOK NUMBER
International Standard Book Number 9781118384435
082 ## - DEWEY DECIMAL CLASSIFICATION NUMBER
Edition number 2013
Classification number AV-Eb 304.2
Item number J661
100 ## - MAIN ENTRY--PERSONAL NAME
Personal name Johnson,Nuala C.
9 (RLIN) 38461
245 ## - TITLE STATEMENT
Title The wiley-blackwell companion to cultural geography /
Statement of responsibility, etc. Nuala C. Johnson, Richard H. Schein, and Jamie Winders.
250 ## - EDITION STATEMENT
Edition statement First Edition
260 ## - PUBLICATION, DISTRIBUTION, ETC. (IMPRINT)
Name of publisher, distributor, etc. John Wiley & Sons, Incorporated,
Date of publication, distribution, etc. ©2013.
300 ## - PHYSICAL DESCRIPTION
Extent 705 pages;
440 ## - SERIES STATEMENT/ADDED ENTRY--TITLE
Title Wiley Blackwell Companions to Geography
9 (RLIN) 38462
500 ## - GENERAL NOTE
General note Includes index.
650 ## - SUBJECT ADDED ENTRY--TOPICAL TERM
Topical term or geographic name as entry element SOCIAL SCIENCE / Human Geography
9 (RLIN) 38463
700 ## - ADDED ENTRY--PERSONAL NAME
Personal name Schein, Richard H.
9 (RLIN) 38464
700 ## - ADDED ENTRY--PERSONAL NAME
Personal name Winders,Jamie.
9 (RLIN) 38465
856 ## - ELECTRONIC LOCATION AND ACCESS
Link text https://ebookcentral.proquest.com/lib/uniofmindanao-ebooks/detail.action?docID=1117258
942 ## - ADDED ENTRY ELEMENTS (KOHA)
Source of classification or shelving scheme Dewey Decimal Classification
Koha item type Ebooks
Holdings
Withdrawn status Lost status Source of classification or shelving scheme Damaged status Not for loan Home library Current library Shelving location Date acquired Source of acquisition Total Checkouts Full call number Barcode Date last seen Copy number Price effective from Koha item type
    Dewey Decimal Classification     UM Digos College - LIC UM Digos College - LIC Processing Center 04/23/2019 Downloaded   AV-Eb 304.2 J661 Eb196 04/23/2019 1 04/23/2019 Ebooks